Psicología y religión /

Guardado en:
Autor Principal: Jung, C. G.
Otros Autores: Butelman, Enrique, pról.
Formato: Libro
Publicado: Buenos Aires : Paidós, 1967
Edición:4a. ed.
Series:Biblioteca del Hombre Contemporáaneo
Materias:
Etiquetas: Agregar Etiqueta
Sin Etiquetas, Sea el primero en etiquetar este registro!
LEADER 00783nam a22002295a 4500
001 CEM.cems009738
005 20080718113657.0
008 130507s1967##################000#0#####d
003 CEMS
082 0 4 |a 201.6 
100 1 |a Jung, C. G. 
245 1 0 |a Psicología y religión /  |c C. G. Jung ; prólogo de Enrique Butelman 
250 |a 4a. ed. 
260 |a Buenos Aires :  |b Paidós,  |c 1967 
300 |a 151 p. 
490 0 |a Biblioteca del Hombre Contemporáaneo 
505 0 |a La autonomía de lo inconsciente -- El dogma de los símbolos naturales -- Historia y psicología de un símbolo natural 
653 |a Psicología 
653 |a Psicología y religión 
653 |a Religión 
700 1 |a Butelman, Enrique, pról. 
859 |a CEMS  |b BIB. CEMS - 11 de abril  |h 201.6  |i J954a4  |p 324.73  |t Ej.1